| 000 | 00927cam a22003013a 4500 | ||
|---|---|---|---|
| 001 | 6544 | ||
| 003 | PGUSA | ||
| 005 | 20140828083134.0 | ||
| 008 | 040901s2004||||xxu|||||s|||||000 1 eng d | ||
| 040 |
_aPGUSA _beng |
||
| 042 | _adc | ||
| 050 | 4 | _aPR | |
| 100 | 1 |
_aLawrence, D. H. _q(David Herbert), _d1885-1930 |
|
| 245 | 1 | 0 |
_aAaron's Rod _h[electronic resource] / _cD. H. Lawrence |
| 260 |
_bProject Gutenberg, _c2004 |
||
| 506 | _aCopyrighted. Read the copyright notice inside this book for details. | ||
| 516 | _aElectronic text | ||
| 653 | _aFlorence (Italy) -- Fiction | ||
| 653 | _aRunaway husbands -- Fiction | ||
| 653 | _aMale friendship -- Fiction | ||
| 653 | _aBohemianism -- Fiction | ||
| 653 | _aPicaresque literature | ||
| 653 | _aAdultery -- Fiction | ||
| 653 | _aLondon (England) -- Fiction | ||
| 830 | 0 |
_aProject Gutenberg _v6544 |
|
| 856 | 4 | 0 | _uhttp://www.gutenberg.org/ebooks/6544 |
| 942 | _cAB | ||
| 999 |
_c235865 _d235865 |
||